000 004390000a22001690004500
003 MACL
005 20151205113145.0
008 151205b xxu||||| |||| 00| 0 eng d
040 _aMACL
_cMACL
041 _aEnglish
082 _a741.642
100 _aJennings , Terry
_919174
245 _aWater
_bThe Young Scientist Investigates
260 _bOxford University Press
_c1985
650 _aChildren Books
_9107
942 _cBK
_k741.642
_2ddc
999 _c8404
_d8404